| 000 | 00535nam a2200193Ia 4500 | ||
|---|---|---|---|
| 008 | 220216s9999 xx 000 0 und d | ||
| 100 | _aMercykutty C V | ||
| 245 | 0 | _aStudies on a new binary accelerator system in sulfur vulcanization of natural rubber | |
| 260 |
_bKautschuk Gummi Kunststoffe _c2008 |
||
| 300 | _a383-389 | ||
| 500 | _aSource Year: 2008 | ||
| 520 | _aDL | ||
| 650 | _aCrosslinking | ||
| 650 | _aMechanical properties | ||
| 650 | _aVulcanization | ||
| 700 | _aMathew E J | ||
| 700 | _aThomas S | ||
| 942 | _cJS | ||
| 999 |
_c69539 _d69539 |
||